Symboles traditionnels des machines à sous (mort subite) - Statistiques

Statistiques générales
  • Ce quiz a été pris 22 fois
  • Le résultat moyen est 8 sur 10
Answers on the Grid
Answers color-coded by a green-red scale on the quiz's grid according to % correct below.
Catalonia
Cerise
Bar
7 rouge
Yin Tsoï
Guinguette "Chez Gégé"
Citron
Artocarpus odoratissimus
Prune
Banane
Orange
Flibustier de carnaval
Cloche
Fraise
Pastèque
 
Statistiques - réponses
Réponse % Correct
7 rouge
90%
Citron
90%
Banane
86%
Cerise
86%
Cloche
81%
Bar
71%
Orange
71%
Fraise
62%
Pastèque
62%
Prune
62%
Aucun quiz correspondant
Distribution des résultats
% des personnes avec chaque résultat
Percentile par nombre de réponses
Votre historique - résultats
Vous n’avez pas pris ce quiz